Name All of the Premier League winning captains - Statistics

General Stats
  • This quiz has been taken 188 times
  • The average score is 8 of 12
Answer Stats
Hint Answer % Correct
Belgian Centre-back who lifted the Premier League with Man City? Vincent Kompany
83%
Made tabloid headlines for having an affair with a fellow players wife John Terry
82%
The Frenchman who starred in the 2009-film 'Looking for Eric' Eric Cantona
81%
Serbian-footballer who will join Inter Milan at the end of the season? Nemanja Vidic
78%
The only player to have played in every Premier League season Ryan Giggs
75%
In FIFA 14, this player has his own Legend card on Ultimate Team at RB Gary Neville
69%
The only captain to have won four PL titles. Roy Keane
69%
Newcastle--born, former Sunderland Manager Steve Bruce
58%
appeared for the England B team 15 times, scoring 7 times Tony Adams
52%
Appeared three-times for England in 1999 Tim Sherwood
42%
Thailand manager between the years 2010-11 Bryan Robson
38%
Played for Man City and Inter Milan but won the Premier with? Patrick Viera
34%
No matching quizzes found
Score Distribution
Percent of People with Each Score
Percentile by Number Answered
Your Score History
You have not taken this quiz